<?xml version="1.0" encoding="UTF-8"?>
<record
    xmlns:xsi="http://www.w3.org/2001/XMLSchema-instance"
    xsi:schemaLocation="http://www.loc.gov/MARC21/slim http://www.loc.gov/standards/marcxml/schema/MARC21slim.xsd"
    xmlns="http://www.loc.gov/MARC21/slim">

  <leader>01485nam a2200241 a 4500</leader>
  <controlfield tag="001">15786</controlfield>
  <controlfield tag="003">CO-ViMGA</controlfield>
  <controlfield tag="008">141112s2004    ck      r     000 u spa d</controlfield>
  <datafield tag="020" ind1=" " ind2=" ">
    <subfield code="a">9589129455</subfield>
  </datafield>
  <datafield tag="040" ind1=" " ind2=" ">
    <subfield code="a">CO-ViMGA</subfield>
    <subfield code="b">spa</subfield>
    <subfield code="c">CO-ViMGA</subfield>
  </datafield>
  <datafield tag="082" ind1=" " ind2=" ">
    <subfield code="a">Fr918.6 </subfield>
    <subfield code="b">F141c</subfield>
  </datafield>
  <datafield tag="100" ind1="1" ind2=" ">
    <subfield code="a">Fajardo Monta&#xF1;a, Dario; Dominguez, Camilo; Molano, Joaquin; R&#xC1;ngel, Orlando</subfield>
    <subfield code="9">9983</subfield>
  </datafield>
  <datafield tag="110" ind1=" " ind2=" ">
    <subfield code="a">Fondo Fen - Corpes de la Orinoquia</subfield>
    <subfield code="9">9984</subfield>
  </datafield>
  <datafield tag="245" ind1="1" ind2="0">
    <subfield code="a">COLOMBIA - ORINOCO</subfield>
  </datafield>
  <datafield tag="260" ind1=" " ind2=" ">
    <subfield code="a">Bogot&#xE1;, </subfield>
    <subfield code="c">Fen, </subfield>
    <subfield code="c">1998</subfield>
  </datafield>
  <datafield tag="300" ind1=" " ind2=" ">
    <subfield code="a">342.p.il.fotos</subfield>
  </datafield>
  <datafield tag="500" ind1=" " ind2=" ">
    <subfield code="a">En : Fr 918.6 F141c</subfield>
  </datafield>
  <datafield tag="505" ind1=" " ind2=" ">
    <subfield code="a">Orinoquia - Colonizaci&#xF3;n, frontera y estructura territorial La gran cuenca del Orinoco Flora Orinoquense La fauna de la Orinoquia Sociedades Ind&#xED;genas de los Llanos , Econom&#xED;a y caracteristicas socio - culturales Impacto de las misiones religiosas y de las guerras de independencia en la construcci&#xF3;n y destrucci&#xF3;n de pueblos y ciudades coloniales en los Llanos Construcci&#xF3;n territorial de la Orinoquia Colombiana en el siglo XIX Cronistas y cient&#xED;ficos en la Orinoquia Encuentro de dos sabios : Ser Ind&#xED;gena en el Llano del proximo milenio La cultura Llanera Sistemas de producci&#xF3;n en la Orinoquia Colombiana Petr&#xF3;leo y desarrollo Red vial y transformaci&#xF3;n urbana hacia el futuro Ciencia y Tecnolog&#xED;a Biogeograf&#xED;a de la Orinoquia Colombiana</subfield>
  </datafield>
  <datafield tag="650" ind1="1" ind2="4">
    <subfield code="a">ORINOCO - COLOMBIA</subfield>
    <subfield code="9">9985</subfield>
  </datafield>
  <datafield tag="650" ind1="1" ind2="4">
    <subfield code="a">ORINOCO (REGION) - DESCRIPCION - VIAJES</subfield>
    <subfield code="9">9986</subfield>
  </datafield>
  <datafield tag="650" ind1="1" ind2="4">
    <subfield code="a">ORINOQUIA - COLOMBIA</subfield>
    <subfield code="9">9987</subfield>
  </datafield>
  <datafield tag="942" ind1=" " ind2=" ">
    <subfield code="2">ddc</subfield>
    <subfield code="c">BK</subfield>
  </datafield>
  <datafield tag="999" ind1=" " ind2=" ">
    <subfield code="c">11520</subfield>
    <subfield code="d">11520</subfield>
  </datafield>
  <datafield tag="952" ind1=" " ind2=" ">
    <subfield code="0">0</subfield>
    <subfield code="1">0</subfield>
    <subfield code="2">ddc</subfield>
    <subfield code="4">0</subfield>
    <subfield code="7">0</subfield>
    <subfield code="8">001</subfield>
    <subfield code="a">MEVIGACOM</subfield>
    <subfield code="b">MEVIGACOM</subfield>
    <subfield code="d">2015-12-04</subfield>
    <subfield code="h">Volumen. 1 | 11/jun/2009</subfield>
    <subfield code="l">0</subfield>
    <subfield code="o">Fr918.6 F141c</subfield>
    <subfield code="p">5620</subfield>
    <subfield code="r">2017-08-11 00:00:00</subfield>
    <subfield code="t">Ej. 1</subfield>
    <subfield code="w">2017-08-11</subfield>
    <subfield code="y">BK</subfield>
  </datafield>
  <datafield tag="952" ind1=" " ind2=" ">
    <subfield code="0">0</subfield>
    <subfield code="1">0</subfield>
    <subfield code="2">ddc</subfield>
    <subfield code="4">0</subfield>
    <subfield code="7">0</subfield>
    <subfield code="8">002</subfield>
    <subfield code="a">MEVIECAR</subfield>
    <subfield code="b">MEVIECAR</subfield>
    <subfield code="d">2015-12-04</subfield>
    <subfield code="h">Volumen. 1 | 11/jun/2009</subfield>
    <subfield code="l">0</subfield>
    <subfield code="o">Fr918.6 F141c</subfield>
    <subfield code="p">15786</subfield>
    <subfield code="r">2019-03-19 00:00:00</subfield>
    <subfield code="t">Ej. 1</subfield>
    <subfield code="w">2015-12-04</subfield>
    <subfield code="y">BK</subfield>
  </datafield>
</record>
